[Event "Perm op-B 11"]
[Site "Perm"]
[Date "2008.11.23"]
[Round "4"]
[White "Tsapalin, Sergey"]
[Black "Dragunov, Viacheslav"]
[Result "0-1"]
[WhiteElo "1939"]
[BlackElo "2265"]
[PlyCount "40"]
[EventDate "2008.11.20"]
[EventType "swiss"]
[EventRounds "7"]
[EventCountry "RUS"]
[SourceTitle "EXT 2022"]
[Source "ChessBase"]
[SourceDate "2021.10.06"]
[SourceVersion "1"]
[SourceVersionDate "2021.10.06"]
[SourceQuality "1"]

1. e4 e6 2. d4 d5 3. e5 c5 4. c3 Nc6 5. Nf3 Qb6 6. Bd3 cxd4 7. cxd4 Bd7 8. 0-0 Nxd4 9. Nxd4 Qxd4 10. Nc3 a6 11. Qe2 Qa7 12. Kh1 Bc6 13. f4 Ne7 14. Be3 Qb8 15. a3 g6 16. Bc5 Nf5 17. Bxf8 Kxf8 18. g4 Ne7 19. h4 h5 20. g5 Kg7 0-1

[Event "Perm op-B 11"]
[Site "Perm"]
[Date "2008.11.22"]
[Round "3"]
[White "Dragunov, Viacheslav"]
[Black "Mislavskiy, Evgeny"]
[Result "0-1"]
[WhiteElo "2265"]
[BlackElo "2115"]
[PlyCount "76"]
[EventDate "2008.11.20"]
[EventType "swiss"]
[EventRounds "7"]
[EventCountry "RUS"]
[SourceTitle "EXT 2022"]
[Source "ChessBase"]
[SourceDate "2021.10.06"]
[SourceVersion "1"]
[SourceVersionDate "2021.10.06"]
[SourceQuality "1"]

1. d4 Nf6 2. Nf3 e6 3. e3 c5 4. Bd3 b6 5. Nbd2 d5 6. c3 Be7 7. 0-0 0-0 8. e4 cxd4 9. Nxd4 Bb7 10. e5 Nfd7 11. N2f3 Nc6 12. Bf4 Nc5 13. Bb5 Rc8 14. Re1 Nxd4 15. Nxd4 a6 16. Be2 b5 17. Rc1 Bg5 18. Qd2 Bxf4 19. Qxf4 Qe7 20. Qe3 Rc7 21. f4 f5 22. Bd3 Rfc8 23. Bc2 Bc6 24. Rcd1 Be8 25. Rd2 Rb8 26. Ree2 a5 27. g3 b4 28. cxb4 axb4 29. b3 Rbc8 30. Bb1 Bh5 31. Rg2 Ne4 32. Bxe4 Rc1+ 33. Kf2 dxe4 34. Ne2 R1c3 35. Nxc3 Rxc3 36. Qd4 e3+ 37. Qxe3 Rxe3 38. Kxe3 Qc5+ 0-1

[Event "Perm op-A 10"]
[Site "Perm"]
[Date "2008.10.??"]
[Round "1"]
[White "Kozlov, Vladimir"]
[Black "Dragunov, Viacheslav"]
[Result "0-1"]
[WhiteElo "2133"]
[BlackElo "2265"]
[PlyCount "44"]
[EventDate "2008.10.15"]
[EventType "swiss"]
[EventRounds "8"]
[EventCountry "RUS"]
[SourceTitle "EXT 2022"]
[Source "ChessBase"]
[SourceDate "2021.10.06"]
[SourceVersion "1"]
[SourceVersionDate "2021.10.06"]
[SourceQuality "1"]

1. c4 g6 2. Nc3 c5 3. g3 Bg7 4. Bg2 Nc6 5. e3 Nh6 6. Nge2 Nf5 7. b3 h5 8. Bb2 d6 9. Rb1 h4 10. g4 h3 11. Bxc6+ bxc6 12. gxf5 Bxf5 13. e4 Bg4 14. Rg1 Qd7 15. Na4 e5 16. Rg3 f5 17. f3 Bh5 18. Ng1 fxe4 19. Qc2 exf3 20. Rxf3 Qg4 21. Rg3 Qxg3+ 22. hxg3 h2 0-1

[Event "Perm op2 03"]
[Site "Perm"]
[Date "2008.04.02"]
[Round "7"]
[White "Dragunov, Viacheslav"]
[Black "Samigullina, Diana"]
[Result "0-1"]
[WhiteElo "2307"]
[BlackElo "2038"]
[PlyCount "71"]
[EventDate "2008.03.25"]
[EventType "swiss"]
[EventRounds "7"]
[EventCountry "RUS"]
[SourceTitle "EXT 2022"]
[Source "ChessBase"]
[SourceDate "2021.10.06"]
[SourceVersion "1"]
[SourceVersionDate "2021.10.06"]
[SourceQuality "1"]

1. Nf3 d5 2. c4 dxc4 3. Na3 Nf6 4. Nxc4 e6 5. b3 c5 6. Bb2 Nc6 7. g3 b5 8. Na3 a6 9. Bg2 Bb7 10. 0-0 Be7 11. Nc2 0-0 12. d4 Rc8 13. dxc5 Bxc5 14. Ne5 Qe7 15. Nd3 Rfd8 16. Qd2 e5 17. Qg5 h6 18. Qf5 Rc7 19. Nxe5 Bc8 20. Nxc6 Rxc6 21. Qf3 Bxf2+ 22. Rxf2 Rxc2 23. Bxf6 Qxf6 24. Qxf6 gxf6 25. Be4 Rb2 26. Bd3 Kg7 27. Rf4 h5 28. b4 Bg4 29. Raf1 Rd6 30. R1f2 Rxa2 31. Kg2 Ra1 32. h3 Bd7 33. Be4 Bc6 34. Bf3 Re6 35. g4 Bxf3+ 36. R2xf3 0-1

[Event "Perm op 01"]
[Site "Perm"]
[Date "2008.01.16"]
[Round "1"]
[White "Dragunov, Viacheslav"]
[Black "Kohanov, Boris"]
[Result "1-0"]
[WhiteElo "2307"]
[BlackElo "1963"]
[PlyCount "63"]
[EventDate "2008.01.16"]
[EventType "swiss"]
[EventRounds "9"]
[EventCountry "RUS"]
[SourceTitle "EXT 2022"]
[Source "ChessBase"]
[SourceDate "2021.10.06"]
[SourceVersion "1"]
[SourceVersionDate "2021.10.06"]
[SourceQuality "1"]

1. d4 d5 2. c4 c6 3. Nc3 Nf6 4. Nf3 a6 5. Ne5 Ne4 6. Qb3 Nxc3 7. bxc3 Nd7 8. Bf4 Nxe5 9. Bxe5 dxc4 10. Qxc4 Be6 11. Qd3 b5 12. Qf3 Qd7 13. e4 f6 14. Bg3 g6 15. Be2 Bh6 16. 0-0 0-0 17. a4 Bb3 18. axb5 axb5 19. Bf4 Bxf4 20. Qxf4 Ra4 21. Rfe1 Qd6 22. Qe3 e5 23. Rab1 Ra3 24. dxe5 Qxe5 25. c4 bxc4 26. Bxc4+ Bxc4 27. Qxa3 Rd8 28. Rbd1 Rxd1 29. Rxd1 c5 30. Qa1 Qe7 31. Qc3 Bf7 32. Re1 1-0

[Event "PriFR-ch Seniors"]
[Site "Perm"]
[Date "2007.03.08"]
[Round "8"]
[White "Orekhov, Viktor"]
[Black "Dragunov, Viacheslav"]
[Result "0-1"]
[WhiteElo "2285"]
[BlackElo "2298"]
[PlyCount "98"]
[EventDate "2007.03.01"]
[EventType "swiss"]
[EventRounds "9"]
[EventCountry "RUS"]
[SourceTitle "EXT 2022"]
[Source "ChessBase"]
[SourceDate "2021.10.06"]
[SourceVersion "1"]
[SourceVersionDate "2021.10.06"]
[SourceQuality "1"]

1. e4 d6 2. d4 Nf6 3. Nc3 g6 4. f4 Bg7 5. Nf3 c6 6. Be2 0-0 7. 0-0 b5 8. a3 a6 9. Kh1 Bb7 10. Qe1 c5 11. e5 Nd5 12. Nxd5 Bxd5 13. dxc5 dxe5 14. Nxe5 Nd7 15. Nd3 Rc8 16. Be3 Qc7 17. Rd1 a5 18. b4 axb4 19. axb4 Ra8 20. Ne5 Nf6 21. Rg1 Rfb8 22. c4 bxc4 23. Nxc4 Ra2 24. Nb6 e6 25. Rc1 Be4 26. b5 Nd5 27. Nxd5 exd5 28. Bf2 Re8 29. Bf3 Rb2 30. Bxe4 Rxe4 31. Qf1 Ree2 32. b6 Qc6 33. b7 Qxb7 34. c6 Qc8 35. Bb6 Re6 36. f5 Rxc6 37. fxg6 hxg6 38. Be3 d4 39. Rxc6 Qxc6 40. Bc1 Rb1 41. Qf4 Qc2 42. h4 Qf5 43. Qxf5 gxf5 44. Bg5 Rb5 45. Rc1 Kh7 46. Rc7 Rb1+ 47. Rc1 Rxc1+ 48. Bxc1 Kg6 49. Kh2 d3 0-1